| 000 | 00815nam a22002297a 4500 | ||
|---|---|---|---|
| 999 |
_c336956 _d336956 |
||
| 001 | 50855 | ||
| 003 | UA-OsUOA | ||
| 005 | 20200125223638.0 | ||
| 007 | ta | ||
| 008 | 20071126b un ||||| |||| 00| 0 ukr d | ||
| 020 | _a966-8271-61-0 | ||
| 040 |
_aUA-OsUOA _bukr _cUA-OsUOA _dUA-OsUOA |
||
| 041 | _aukr | ||
| 080 | _a929 | ||
| 090 |
_a929 _bА 38 |
||
| 245 |
_aАкадемік Д. І. Яворницький і перша вища гірнича школа України _bдокументи і матеріали _cза заг. ред. В. Ю. Пушкіна |
||
| 260 |
_aДніпропетровськ _bНаціональний гірничий університет _c2004 |
||
| 300 | _a104 с. | ||
| 650 | 7 |
_a9 Географія. Біографії. Історія _2UDC |
|
| 942 |
_cBK _2udc |
||
| 955 | _a2 | ||